00811nam a2200241Ia 4500008004100000020001800041050001500059050001800074100002700092245002400119245005600143245001400199260001300213260002800226260000900254300001600263300002700279300001100306500004100317650006900358999001900427952012300446160319s9999 xx 000 0 und d a971-513-189-1 aFIL RT 55  b.U58 2005 c.2 aUntalan, Aaron Tuesca. aNursing board 101 : bfaq's of the nursing license examination includes / cAaron Cy. aManila : bEducational Pub. House, c2005 a349 pages : bcolor illustrations. ; c23 cm. aIncludes bibliographical references. aNursing -- Examinations, questions, etc. 2. Nursing -- Reviewer. c291913d291913 001040aSMCbSMCcFILd2005-03-07g275.00l0oFIL RT 55 .U58 2005 c.2pSMC00434r2016-03-19 00:00:00w2016-03-19yBK